Diseño de la estructura de pavimento flexible San José de los Remates-La cañada (8.56 km) por medio del método AASHTO 93
Diseña la estructura de pavimento flexible por el método de la AASHTO-93 tramo de la carretera, realiza el estudio de tránsito para obtener el tránsito promedio diario anual (TPDA) y determinar los ejes equivalentes de diseño (ESAL´s), analiza las propiedades físico-mecánicas del suelo a lo l...
| Main Author: | |
|---|---|
| Other Authors: | |
| Format: | Tesis Section = Libro |
| Language: | Undetermined Spanish |
| Published: |
Managua
UNI
2020
|
| Subjects: |
| LEADER | 01389nam a2200253Ia 4500 | ||
|---|---|---|---|
| 008 | 240830s9999 xx 000 0 und d | ||
| 040 | |a BIBLIOTECA-RUPAP Mon 625.85 S211 | ||
| 041 | |a spa | ||
| 082 | |a Mon 625.85 S211 | ||
| 100 | 1 | |a Sánchez Rodríguez, William Antonio | |
| 245 | 1 | 0 | |a Diseño de la estructura de pavimento flexible San José de los Remates-La cañada (8.56 km) por medio del método AASHTO 93 |
| 260 | |a Managua |b UNI |c 2020 | ||
| 300 | |a 62 P. :II. | ||
| 500 | |a Contiene: anexos y CD. | ||
| 502 | |a Tesis (Ingeniero Civil)- UNI, 2020. | ||
| 520 | 3 | |a Diseña la estructura de pavimento flexible por el método de la AASHTO-93 tramo de la carretera, realiza el estudio de tránsito para obtener el tránsito promedio diario anual (TPDA) y determinar los ejes equivalentes de diseño (ESAL´s), analiza las propiedades físico-mecánicas del suelo a lo largo de la vía y de los bancos de materiales cercanos al sitio del proyecto a fin de recomendar o no el uso de éstos para el diseño, ya sea como base o sub base, determina los espesores de la estructura de pavimento flexible utilizando el método AASHTO-93. | |
| 650 | 7 | |a PAVIMENTOS | |
| 650 | 7 | |b DISEÑO DE PAVIMENTOS | |
| 650 | 7 | |c PAVIMENTO FLEXIBLE | |
| 650 | 7 | |d PAVIMENTO DE ASFALTO | |
| 700 | 1 | |a Tutor: |b Bustamante Arteaga, José Fernando | |
| 942 | |c BK |2 ddc | ||
| 991 | |a TESIS | ||
| 999 | |c 16143 | ||